书目信息 |
| 题名: |
日用电器技术知识手册
|
|
| 作者: | 赵伟坤 主编 | |
| 分册: | ||
| 出版信息: | 北京 机械工业出版社 1985 |
|
| 页数: | 767页 | |
| 开本: | 26cm | |
| 丛书名: | ||
| 单 册: | ||
| 中图分类: | TN925-62 | |
| 科图分类: | ||
| 主题词: | 无线电接力通信 , 微波通信 | |
| 电子资源: | ||
| ISBN: | ||
| 000 | 00677nam0 2200253 45 | |
| 001 | 0185020620 | |
| 005 | 20040615160533.9 | |
| 010 | @dCNY10.30 | |
| 091 | @a15033.5869 | |
| 100 | @a19900923d1985 em y0chiy0121 ea | |
| 101 | 0 | @achi |
| 102 | @aCN@b110000 | |
| 105 | @ay z 000yy | |
| 106 | @ar | |
| 200 | 10 | @a日用电器技术知识手册@Ari yong dian qi ji shu zhi shi shou ce@f赵伟坤主编 |
| 210 | @a北京@c机械工业出版社@d1985 | |
| 215 | @a767页@d26cm | |
| 606 | 0 | @a无线电接力通信 |
| 606 | 0 | @a微波通信 |
| 690 | @aTN925-62 | |
| 701 | 0 | @a赵伟坤@Azhao wei kun@4主编 |
| 801 | 0 | @aCN@b深圳图书馆@c20040615 |
| 801 | 2 | @aCN@bNLC@c20040615 |
| 905 | @f1@b150529@dTN925-62@e28 | |
| 日用电器技术知识手册/赵伟坤主编.-北京:机械工业出版社,1985 |
| 767页;26cm |
| ISBN :CNY10.30 |
| ● |
| 相关链接 |
|
|
|
|
正题名:日用电器技术知识手册
索取号:TN925-62/28
 
预约/预借
| 序号 | 登录号 | 条形码 | 馆藏地/架位号 | 状态 | 备注 |
| 1 | 0150529 | 001323990 | 第三借阅区/ [索取号:TN925-62/28] | 在馆 | |
| 2 | 0150530 | 202451621 | 第二样本阅览室/ [索取号:TN925-62/28] | 在馆 |